| 000 | 00424nam a2200181Ia 4500 | ||
|---|---|---|---|
| 001 | 19373 | ||
| 005 | 20260306172648.0 | ||
| 008 | 260306t2013||||xx |||||||||||||| ||spa|| | ||
| 041 | _aESP | ||
| 082 |
_a658.848 _bC294 |
||
| 100 |
_aCzinkota, Michael R. _eAUT |
||
| 245 | 0 | _aMarketing internacional | |
| 260 | _c2013 | ||
| 300 |
_a680 páginas : _c27 cm. |
||
| 650 | _aGEN | ||
| 654 | _aCAN | ||
| 942 |
_cLIB _dJUS _fJUS _2ddc _n |
||
| 999 |
_c19373 _d19373 |
||